[Event "EUCup (Women)"]
[Site "Rijeka"]
[Date "1997.??.??"]
[Round "3"]
[White "Lakos, Nikoletta"]
[Black "Jahn, Constanze"]
[Result "1-0"]
[WhiteElo "2380"]
[BlackElo "2230"]

1.e4 c5 2.Nf3 e6 3.d4 cxd4 4.Nxd4 a6 5.Bd3 Nc6 6.Nxc6 dxc6 7.O-O e5 8.a4 Bd6
9.Qe2 Ne7 10.Rd1 Ng6 11.Bc4 Qe7 12.Be3 Be6 13.Bxe6 Qxe6 14.Nd2 O-O 15.a5 Nf4
16.Qc4 Qe7 17.Nb3 Ne6 18.Bb6 Bc7 19.Bc5 Nxc5 20.Nxc5 Bd6 21.Nxb7 Qxb7 22.Rxd6 Qxb2
23.Rad1 Qa3 24.Rxc6 Qxa5 25.Rc7 h6 26.g3 Qb6 27.Rdd7 Qf6 28.Kg2 Rad8 29.Rxd8 Qxd8
30.Ra7 Qc8 31.Rc7 Qa8 32.Rc6 a5 33.Ra6 Qc8 34.Qxc8 Rxc8 35.Rxa5 Rxc2 36.Rxe5 Kf8
37.Rb5 Ke7 38.Rb6 Ra2 39.g4 Rc2 40.Kg3 Re2 41.f3 Ra2 42.h4 Ra3 43.h5 Rc3
44.Kf4 Ra3 45.e5 Ra4+ 46.Kf5 Ra1 47.Rb7+ Kf8 48.Rb8+ Ke7 49.Rg8 Ra6 50.f4 Rb6
51.g5 hxg5 52.Kxg5 f6+ 53.exf6+ gxf6+ 54.Kg6 f5+ 55.Kxf5 Kf7 56.Ra8 Rb5+
57.Kg4 Kg7 58.Ra7+ Kh6 59.Ra6+ Kg7 60.h6+ Kh7 61.f5 Rb1 62.Kg5 Rg1+ 63.Kf6 Re1
64.Kf7 Re5 65.f6 Re1 66.Ra7 Re2 67.Re7 Rf2 68.Ke8+ Kh8 69.f7 Rf6 70.Re3  1-0

[Event "Saint Affrique op"]
[Site "Saint Affrique"]
[Date "1997.??.??"]
[Round "5"]
[White "Fressinet, Laurent"]
[Black "Tagnon, Nicole"]
[Result "1-0"]
[WhiteElo "2335"]
[BlackElo "2095"]

1.e4 c5 2.Nf3 e6 3.d4 cxd4 4.Nxd4 a6 5.Bd3 Nf6 6.O-O Qc7 7.c4 Nc6 8.Nf3 d6
9.Nc3 Ne5 10.b3 b5 11.Bf4 bxc4 12.bxc4 Be7 13.Rc1 Nfd7 14.Bg3 O-O 15.Nd4 Nc5
16.Be2 Bb7 17.f4 Ned7 18.Bf3 Bf6 19.Bf2 Rac8 20.Qe2 Nb6 21.Nb3 Ncd7 22.Na5 Ba8
23.Nb1 Na4 24.Nb3 e5 25.f5 Bg5 26.Rc2 Bb7 27.Rd1 Nb8 28.h4 Be7 29.g4 Nc6
30.g5 Nb4 31.Rcc1 a5 32.Be3 Ba6 33.Qg2 Rfd8 34.f6 Bf8 35.fxg7 Bxg7 36.Bg4 Rb8
37.Bf5 Bb7 38.Rf1 Nd3 39.Rc2 Nf4 40.Bxf4 exf4 41.N1d2 d5 42.Bc8 Rbxc8 43.exd5 Qb6+
44.Kh1 Qg6 45.Ne4 Nb6 46.Nxa5 f3 47.Qxf3 Nxd5 48.h5 Qa6 49.Rd2 Qxa5 50.Rxd5 Qxa2
51.h6 Rf8  1-0

[Event "Saint Affrique op"]
[Site "Saint Affrique"]
[Date "1997.??.??"]
[Round "5"]
[White "Fressinet, Laurent"]
[Black "Tagnon, Nicole"]
[Result "1-0"]
[WhiteElo "2335"]
[BlackElo "2095"]

1.e4 c5 2.Nf3 e6 3.d4 cxd4 4.Nxd4 a6 5.Bd3 Nf6 6.O-O Qc7 7.c4 Nc6 8.Nf3 d6
9.Nc3 Ne5 10.b3 b5 11.Bf4 bxc4 12.bxc4 Be7 13.Rc1 Nfd7 14.Bg3 O-O 15.Nd4 Nc5
16.Be2 Bb7 17.f4 Ned7 18.Bf3 Bf6 19.Bf2 Rac8 20.Qe2 Nb6 21.Nb3 Ncd7 22.Na5 Ba8
23.Nb1  1-0

[Event "Bayern-ch Seniors op"]
[Site "Schloss Schney"]
[Date "1997.??.??"]
[Round "7"]
[White "Groenegress, Wilfried"]
[Black "Kramer, Gerhard"]
[Result "1/2-1/2"]
[WhiteElo "2200"]
[BlackElo "2121"]

1.e4 c5 2.Nf3 e6 3.d4 cxd4 4.Nxd4 a6 5.Bd3 Nc6 6.Nxc6 dxc6 7.O-O e5 8.Nd2 Bd6
9.Nc4 Bc7 10.a4 Be6 11.Ne3 g6 12.Bd2 Qd7 13.Bc3 f6 14.Qe2 Nh6 15.Bc4 O-O
16.Bb4 Rfe8 17.Rfd1 Qf7 18.Bd6 Bb6 19.Bxe6 Qxe6 20.Nc4 Rad8 21.Nxb6 Rxd6
22.Rxd6 Qxd6 23.Rd1 Qe6 24.h3 Nf7 25.Rd7 Re7 26.Rd2 f5 27.c4 Kg7 28.c5 fxe4
29.Qxe4 Qf5 30.Qxf5 gxf5 31.Nc8 Rc7 32.Nd6 Nxd6 33.Rxd6 Re7 34.g4 fxg4 35.hxg4 Kf7
36.Kg2 e4 37.Kf1 Re6 38.Rd7+ Re7 39.Rd6 Re6 40.Rd4 Kf6 41.Rd7 Re7  1/2-1/2

[Event "Schwaebisch Gmuend op"]
[Site "Schwaebisch Gmuend"]
[Date "1997.??.??"]
[Round "6"]
[White "Holzschuh, Peter"]
[Black "Perman, Torvald"]
[Result "1/2-1/2"]
[WhiteElo "2250"]
[BlackElo "2050"]

1.e4 c5 2.Nf3 e6 3.d4 cxd4 4.Nxd4 a6 5.Bd3 Nf6 6.O-O Qc7 7.Nc3 Nc6 8.Nxc6 dxc6
9.Be3 e5 10.h3 Bd6 11.a4 Be6 12.a5 Qe7 13.Na4 Nd7 14.c3 O-O 15.Qc2 Nc5 16.Nb6 Rad8
17.Bc4 Bxc4 18.Nxc4 Bc7 19.Rfd1 Rxd1+ 20.Rxd1 Rd8 21.Rxd8+ Bxd8 22.b4 Nd7
23.Qd3 Bc7 24.Nb6 Nxb6 25.axb6 Bd6 26.f3 Kf8 27.Bg5 f6 28.Be3 Qe6 29.Kf2 Ke7
30.g4 h5 31.Kg3 hxg4 32.hxg4 Qb3 33.Qd2 Qc4 34.g5 c5 35.gxf6+ gxf6 36.bxc5 Bxc5
37.Kg4 Bxe3 38.Qxe3 Qg8+ 39.Kh3  1/2-1/2

[Event "BUL-ch"]
[Site "Shumen"]
[Date "1997.??.??"]
[Round "1"]
[White "Jankov, Janko"]
[Black "Nikolov, Rosen"]
[Result "1-0"]
[WhiteElo "2285"]
[BlackElo "2100"]

1.e4 c5 2.Nf3 e6 3.d4 cxd4 4.Nxd4 a6 5.Bd3 Nf6 6.O-O d6 7.c4 g6 8.Be3 Bg7
9.Nc3 O-O 10.Re1 b6 11.b4 Bb7 12.f3 Nbd7 13.Na4 Re8 14.Qd2 Rc8 15.Rac1 Bf8
16.Nb3 Bc6 17.Nc3 Bb7 18.Na4 Bc6 19.Nb2 Bb7 20.a3 d5 21.exd5 exd5 22.c5 bxc5
23.bxc5 Ne5 24.Bf1 Nc6 25.Na4 Rc7 26.Bf2 Rce7 27.Red1 Re5 28.Nd4 Nd7 29.Rb1 Qc8
30.Rdc1 Rh5 31.Qb2 Ba8 32.Nb6 Qd8 33.Nxa8 Qxa8 34.Qb7 Ncb8 35.Nc6 Nxc6 36.Bxa6 Na5
37.Qxa8 Rxa8 38.Bb5 Rc8 39.c6 Nc4 40.a4 Na3 41.Rb3 Nc4 42.Bg3 Bc5+ 43.Kh1 Na5
44.Rbc3 Bd4 45.Rd3 Be5 46.Rxd5 Bxg3 47.Rxh5 Bf4 48.Rhc5 Nb3 49.R1c4 Rd8 50.g3 Nbxc5
51.Rxf4 Ra8 52.Rc4 Ne6 53.c7  1-0

[Event "SLO-chT sf"]
[Site "Skofja Loka"]
[Date "1997.??.??"]
[Round "?"]
[White "Basagic, Zlatko"]
[Black "Justin, Matijaz"]
[Result "0-1"]
[WhiteElo "2335"]
[BlackElo "2395"]

1.Nf3 c5 2.e4 e6 3.d4 cxd4 4.Nxd4 a6 5.Bd3 g6 6.O-O Bg7 7.Nb3 d6 8.a4 b6
9.N1d2 Ne7 10.a5 b5 11.c4 b4 12.Nf3 Nbc6 13.Qe2 O-O 14.Be3 Bb7 15.Rfd1 Qb8
16.Ra4 Re8 17.Bf4 Bc8 18.c5 e5 19.cxd6 exf4 20.dxe7 Rxe7 21.h3 Bd7 22.Raa1 Ne5
23.Nxe5 Qxe5 24.Bxa6 f3 25.gxf3 Bxh3 26.Rd5 Qf4 27.Nd2 Re5 28.Nf1 Rxd5 29.exd5 Qg5+
30.Ng3 Bd4 31.Kh2 Qh4 32.Qe4 Bg4+  0-1

[Event "ROM-chT2"]
[Site "Sovata"]
[Date "1997.??.??"]
[Round "?"]
[White "Stefanov, P."]
[Black "Busu, Cornel"]
[Result "1/2-1/2"]
[WhiteElo "2395"]
[BlackElo "2230"]

1.e4 c5 2.Nf3 e6 3.d4 cxd4 4.Nxd4 a6 5.Bd3 g6 6.f4 Bg7 7.Nf3 Ne7 8.c4 Nbc6
9.Nc3 d6 10.O-O O-O 11.Kh1 Qc7 12.Be3 b6 13.Rc1 Rb8 14.Qe1 f5 15.exf5 Nxf5
16.Bg1 Qd7  1/2-1/2

[Event "Stockholm"]
[Site "Stockholm"]
[Date "1997.??.??"]
[Round "3"]
[White "Wallace, John Paul"]
[Black "Sjoberg, Mats"]
[Result "1/2-1/2"]
[WhiteElo "2350"]
[BlackElo "2420"]

1.e4 c5 2.Nf3 e6 3.d4 cxd4 4.Nxd4 a6 5.Bd3 Ne7 6.O-O Nbc6 7.c3 e5 8.Nxc6 dxc6
9.Bc4 Qc7 10.a4 Ng6 11.Be3 Bd6 12.a5 Qe7 13.Nd2 Bc5 14.Bxc5 Qxc5 15.Qh5 O-O
16.g3 Qe7 17.Rad1 Be6 18.Bxe6 Qxe6 19.b3 Rfd8 20.Nc4 f6 21.Qf3 Qe7 22.Qe3 Rxd1
23.Rxd1 Rd8 24.Rxd8+ Qxd8 25.Kg2 Nf8 26.Qc5 Qd1 27.Qe7 Qxb3 28.Nd6 Qe6 29.Qc7 Qd7
30.Qb8 h5 31.h4 c5 32.Nxb7 Qc6 33.Nd6 f5 34.f3 fxe4 35.Nxe4 Qe6 36.Nxc5 Qa2+
37.Kh3 Qe2 38.Qb3+ Kh8 39.Qd5 Qf1+ 40.Kh2 Qf2+ 41.Kh3  1/2-1/2

[Event "SWZ-chT9697"]
[Site "SWZ"]
[Date "1997.??.??"]
[Round "?"]
[White "Kiefer, Gerhard"]
[Black "Milosevic, Goran"]
[Result "1/2-1/2"]
[WhiteElo "2250"]
[BlackElo "2370"]

1.e4 c5 2.Nf3 e6 3.d4 cxd4 4.Nxd4 a6 5.Bd3 Nf6 6.O-O Qc7 7.Nc3 d6 8.Be3 Be7
9.f4 Nc6 10.Qf3 O-O 11.Nb3 b5 12.Rae1 Bb7 13.Qh3 b4 14.Ne2 e5 15.fxe5 Nxe5
16.Ned4 Nfg4 17.Nf5 Nxe3 18.Nxe7+ Qxe7  1/2-1/2

[Event "EU-ch U18"]
[Site "Tallinn"]
[Date "1997.??.??"]
[Round "2"]
[White "Nurkiewicz, Maciej"]
[Black "Solak, Dragan"]
[Result "1/2-1/2"]
[WhiteElo "2355"]
[BlackElo "2345"]

1.e4 c5 2.Nf3 e6 3.d4 cxd4 4.Nxd4 a6 5.Bd3 Nc6 6.Be3 d5 7.exd5 Qxd5 8.Nc3 Bb4
9.O-O Bxc3 10.bxc3 Ne5 11.Be2 b5 12.f4 Bb7 13.Rf2 Nc4 14.Bf3 Qd7 15.Nxe6 fxe6
16.Qxd7+ Kxd7 17.Bxb7 Rb8 18.Rd1+ Kc7 19.Bd4 e5 20.Bxe5+ Nxe5 21.fxe5 Kxb7
22.Rf7+ Ka8 23.Rdd7 Re8 24.Ra7+ Kb8 25.Rfb7+ Kc8 26.Rxg7 Kb8 27.Rgb7+ Kc8
28.Ra8+ Kxb7 29.Rxe8 Kc7 30.e6 Kd6 31.Kf2 Ke5 32.Ke3 Kf6 33.Kd4 Kg7 34.Ke5 h5
35.Kd6 Nf6 36.Rxh8 Kxh8 37.Ke7 Kg7 38.Kd8 Kg6 39.e7 Kf7 40.g3 Ne8 41.h3 Ng7
42.Kd7 Ne8 43.g4 h4 44.Kd8 Ng7 45.Kd7 Ne8 46.Kd8 Ng7 47.Kd7 Ne8  1/2-1/2

[Event "EU-ch U16"]
[Site "Tallinn"]
[Date "1997.??.??"]
[Round "5"]
[White "Pert, Richard G"]
[Black "Rigo, Zsolt"]
[Result "1-0"]
[WhiteElo "2230"]
[BlackElo "2115"]

1.e4 c5 2.Nf3 e6 3.d4 cxd4 4.Nxd4 a6 5.Bd3 Bc5 6.Nb3 Ba7 7.Qe2 Nc6 8.Be3 Bxe3
9.Qxe3 d6 10.Nc3 Nf6 11.O-O-O O-O 12.f4 Qc7 13.Rhg1 b5 14.g4 b4 15.Na4 Nd7
16.Rg3 Bb7 17.Rh3 e5 18.f5 Nd8 19.Qe1 Re8 20.Qxb4 Rc8 21.Qa5 Qc6 22.Kb1 Nc5
23.Nbxc5 dxc5 24.Nb6 Rb8 25.Nd5 c4 26.Bf1 Ba8 27.Rc3 Rb5 28.Ne7+ Rxe7 29.Rxd8+ Re8
30.Rxe8+ Qxe8 31.Qxa6 Bb7 32.Qd6 Bxe4 33.Bxc4 Rb8 34.a3 Rd8 35.Qc7 Rd7 36.Qc5 Rd1+
37.Ka2 Rd2 38.Bd3 Bxd3 39.Rxd3 Rxd3 40.cxd3 h6 41.Qd5 Qe7 42.Kb3 Qh4 43.Qxe5 Qxg4
44.Qe8+ Kh7 45.Qxf7 Qd1+ 46.Ka2 Qxd3 47.f6  1-0

[Event "EU-ch U12"]
[Site "Tallinn"]
[Date "1997.??.??"]
[Round "5"]
[White "Meszaros, Tamas"]
[Black "Naiditsch, Arkadij"]
[Result "1/2-1/2"]
[WhiteElo "2115"]
[BlackElo "2175"]

1.e4 c5 2.Nf3 e6 3.d4 cxd4 4.Nxd4 a6 5.Bd3 g6 6.O-O Bg7 7.Nb3 Ne7 8.Nc3 d5
9.Bg5 f6 10.Bh4 O-O 11.Re1 Kh8 12.exd5 Nxd5 13.Bc4 Nxc3 14.Qxd8 Rxd8 15.bxc3 e5
16.Rad1 Rxd1 17.Rxd1 Nc6  1/2-1/2

[Event "EU-ch U18"]
[Site "Tallinn"]
[Date "1997.??.??"]
[Round "6"]
[White "Vuckovic, Bojan"]
[Black "Solak, Dragan"]
[Result "0-1"]
[WhiteElo "2160"]
[BlackElo "2345"]

1.e4 c5 2.Nf3 e6 3.d4 cxd4 4.Nxd4 a6 5.Bd3 Nf6 6.O-O Qc7 7.c4 Be7 8.Nc3 O-O
9.b3 b5 10.Bb2 bxc4 11.Bxc4 Bb7 12.Qe2 Nc6 13.Nf3 d6 14.Rac1 Ng4 15.Bd3 Qb8
16.Bb1 a5 17.Rfd1 Nge5 18.Nxe5 dxe5 19.Na4 Bg5 20.Rc5 Rd8 21.Nb6 Rxd1+ 22.Qxd1 Qd8
23.Qxd8+ Rxd8 24.Bc2 Nb4 25.h4 Bxh4 26.Bxe5 Rd2 27.g3 Bd8 28.Bc3 Bxb6 29.Bxb4 axb4
30.Rb5 Bxf2+ 31.Kg2 Rxc2 32.Rxb7  0-1

[Event "EU-ch U18"]
[Site "Tallinn"]
[Date "1997.??.??"]
[Round "9"]
[White "Smetankin, Stanislav"]
[Black "Solak, Dragan"]
[Result "1-0"]
[WhiteElo "2395"]
[BlackElo "2345"]

1.e4 c5 2.Nf3 e6 3.d4 cxd4 4.Nxd4 a6 5.Bd3 Nf6 6.O-O Qc7 7.c4 Be7 8.Qe2 d6
9.b3 b6 10.Bb2 Bb7 11.f4 Nc6 12.Nxc6 Bxc6 13.Nc3 O-O 14.Kh1 Bb7 15.Rae1 Nd7
16.Qh5 Bf6 17.Qh3 g6 18.Bb1 Rac8 19.Re3 Bg7 20.f5 Rce8 21.Rg3 Re7 22.Qh4 Nf6
23.Ne2 e5 24.Bc1 Rd7 25.Bg5 Nh5 26.f6 Nxg3+ 27.Nxg3 Bh8 28.Nf5 Re8 29.Qh6 d5
30.exd5 Qc5 31.Rf3 Rxd5 32.cxd5 Qxd5 33.Bd3 Qa5 34.Ne7+ Rxe7 35.fxe7 Qe1+
36.Bf1  1-0

[Event "Telese"]
[Site "Telese"]
[Date "1997.??.??"]
[Round "?"]
[White "Efimov, Igor"]
[Black "Martorelli, Antonio"]
[Result "1-0"]
[WhiteElo "2530"]
[BlackElo "2365"]

1.e4 c5 2.Nf3 e6 3.d4 cxd4 4.Nxd4 a6 5.Bd3 Nc6 6.Nxc6 dxc6 7.O-O e5 8.Qh5 Qc7
9.Nd2 Nf6 10.Qg5 Be6 11.Nc4 Ng4 12.Qh4 h5 13.h3 Be7 14.Qg3 h4 15.Qf3 Nf6
16.Bd2 g5 17.Bxg5 Nh5 18.Be3 b5 19.Nd2 c5 20.a4 c4 21.Be2 Rd8 22.axb5 axb5
23.Ra7 Qb8 24.Rfa1 Nf4 25.Nf1 Rg8 26.Bxf4 exf4 27.Qh5 Rc8 28.Bg4 Bxg4 29.hxg4 Rd8
30.Nh2 b4 31.Nf3 Qc8 32.Ne5 Qe6 33.Nxf7  1-0

[Event "Torre Blanca op"]
[Site "Torre Blanca"]
[Date "1997.??.??"]
[Round "2"]
[White "Dos Santos, Freire Ramiro"]
[Black "Rago, Sergio"]
[Result "1-0"]
[WhiteElo "2345"]
[BlackElo "2240"]

1.e4 c5 2.Nf3 e6 3.d4 cxd4 4.Nxd4 a6 5.Bd3 Qc7 6.O-O Nc6 7.Be3 Nf6 8.Nc3 Nxd4
9.Bxd4 Bc5 10.Bxc5 Qxc5 11.Qe2 d6 12.Rad1 O-O 13.Kh1 b5 14.f4 b4 15.Na4 Qc6
16.e5 Nd5 17.c4 bxc3 18.Nxc3 Nxc3 19.bxc3 Bb7 20.exd6 Rad8 21.f5 exf5 22.Bxf5 g6
23.Bg4 Qxc3 24.d7 h5 25.Bf3 Bc6 26.Qe7 Bxf3 27.Rxf3 Qc4 28.Re3 Qc6 29.h3 Qb5
30.Rf3 Qc4 31.Rdf1 f5 32.Re1 Qf7 33.Rd3 Qxe7 34.Rxe7 Rf7 35.Re8+ Rf8 36.Re6 Rf7
37.Rxg6+ Rg7 38.Rxg7+ Kxg7 39.g3 Kf7 40.Kg2 a5 41.Kf3 h4 42.gxh4 a4 43.Kf4 Ke6
44.h5 Kf6 45.h6 Kg6 46.Rd6+  1-0

[Event "Torre Blanca op"]
[Site "Torre Blanca"]
[Date "1997.??.??"]
[Round "6"]
[White "Pizarro, Pablo"]
[Black "Rago, Sergio"]
[Result "0-1"]
[WhiteElo "2145"]
[BlackElo "2240"]

1.e4 c5 2.Nf3 e6 3.d4 cxd4 4.Nxd4 a6 5.Bd3 Bc5 6.Nb3 Ba7 7.O-O Ne7 8.Qe2 Nbc6
9.Be3 Bxe3 10.Qxe3 d6 11.Nc3 O-O 12.Kh1 e5 13.Bc4 Be6 14.Bxe6 fxe6 15.f4 exf4
16.Rxf4 Rxf4 17.Qxf4 Ng6 18.Qg3 Nge5 19.Ne2 Qf6 20.Nd2 Qh6 21.Nf3 Rf8 22.Ng5 Qf6
23.Nh3 Nc4 24.c3 Nxb2 25.Qxd6 Nc4 26.Qd7 Ne3 27.Nef4 Qxc3 28.Qd6 Kh8 29.Rg1 Qe5  0-1

[Event "Ubeda op"]
[Site "Ubeda"]
[Date "1997.??.??"]
[Round "1"]
[White "Zapata, Alonso"]
[Black "Fuhrmann, Daniel"]
[Result "1-0"]
[WhiteElo "2515"]
[BlackElo "2280"]

1.e4 c5 2.Nf3 e6 3.d4 cxd4 4.Nxd4 a6 5.Bd3 Qc7 6.O-O Nf6 7.Qe2 d6 8.c4 Nbd7
9.b3 Be7 10.Bb2 b6 11.Nc3 Bb7 12.f4 h5 13.Rae1 Nc5 14.Bb1 Ng4 15.h3 Bf6 16.Ndb5 axb5
17.Nxb5 Qc6 18.hxg4 hxg4 19.e5 dxe5 20.fxe5 Be7 21.Qxg4 Bf8 22.Rf2 Rd8 23.Bg6 Rd7
24.Rxf7 Rxf7 25.Rf1 Ne4 26.Bxf7+ Kd8 27.Rd1+  1-0

[Event "Ubeda op"]
[Site "Ubeda"]
[Date "1997.??.??"]
[Round "4"]
[White "Gershon, Alik"]
[Black "Korneev, Oleg"]
[Result "1-0"]
[WhiteElo "2420"]
[BlackElo "2590"]

1.e4 c5 2.Nf3 e6 3.d4 cxd4 4.Nxd4 a6 5.Bd3 Qc7 6.Nc3 Nc6 7.Nb3 Nf6 8.O-O Be7
9.f4 d6 10.Qf3 O-O 11.Be3 Nb4 12.g4 Nd7 13.g5 Re8 14.Bd4 Bf8 15.f5 Ne5 16.Bxe5 dxe5
17.f6 g6 18.Qg4 a5 19.Rad1 a4 20.Bb5 axb3 21.Bxe8 Nxc2 22.axb3 Ne3 23.Qh4 Nxf1
24.Nb5 Qc2 25.Bxf7+ Kh8 26.Rd8 Qc5+ 27.Kg2 Ne3+ 28.Kh3 Nd5 29.Qf2 Nf4+ 30.Kg3 Nh5+
31.Kf3 Qxb5 32.Qd2 Qc5 33.Qc3 Bd7  1-0

[Event "Ubeda op"]
[Site "Ubeda"]
[Date "1997.??.??"]
[Round "5"]
[White "Rodriguez, Amador"]
[Black "Khurtsidze, Nino"]
[Result "1/2-1/2"]
[WhiteElo "2555"]
[BlackElo "2430"]

1.e4 c5 2.Nf3 e6 3.d4 cxd4 4.Nxd4 a6 5.Bd3 Nc6 6.Nxc6 dxc6 7.f4 e5 8.f5 Bc5
9.Qf3 Nf6 10.Nd2 b5 11.Nb3 Bb6 12.Be3 Nd7 13.a4 Bb7 14.O-O O-O 15.Kh1 Qc7
16.c4 Bxe3 17.Qxe3 bxa4 18.Rxa4 c5 19.Ra5 Rac8 20.Ra3 Rb8 21.Bc2 Rbd8 22.Rd1  1/2-1/2

[Event "Ubeda op"]
[Site "Ubeda"]
[Date "1997.??.??"]
[Round "9"]
[White "Rodriguez, Amador"]
[Black "Kovacevic, Slobodan"]
[Result "1-0"]
[WhiteElo "2555"]
[BlackElo "2420"]

1.e4 c5 2.Nf3 e6 3.d4 cxd4 4.Nxd4 a6 5.Bd3 Nf6 6.O-O d6 7.c4 Be7 8.Nc3 O-O
9.Kh1 Nbd7 10.f4 g6 11.Qe2 e5 12.Nf3 exf4 13.Bxf4 Re8 14.Rad1 Nh5 15.Be3 b6
16.Nd5 Nhf6 17.Bb1 Nxd5 18.exd5 Bf6 19.Qf2 Rf8 20.Nd4 Bg7 21.Nc6 Qc7 22.Rde1 Bb7
23.Ne7+ Kh8 24.Nf5 f6 25.Nxg7 Kxg7 26.Bh6+ Kxh6 27.Qh4+ Kg7 28.Re7+ Rf7 29.Rxf7+ Kxf7
30.Qxh7+ Ke8 31.Bxg6+ Kd8 32.Qg8+ Ke7 33.Qf7+  1-0

[Event "Verona op"]
[Site "Verona"]
[Date "1997.??.??"]
[Round "4"]
[White "Braghetta, Sergio"]
[Black "Martorelli, Antonio"]
[Result "1-0"]
[WhiteElo "2195"]
[BlackElo "2365"]

1.e4 c5 2.Nf3 e6 3.d4 cxd4 4.Nxd4 a6 5.Bd3 Nc6 6.Nxc6 dxc6 7.Nd2 e5 8.Qh5 Bd6
9.Nc4 Bc7 10.Bg5 Nf6 11.Qe2 h6 12.Bh4 Be6 13.O-O b5 14.Ne3 g5 15.Bg3 h5 16.h3 Rg8
17.Rfd1 Qe7 18.Nf5 Bxf5 19.exf5 O-O-O 20.Be4 h4 21.Bh2 g4 22.hxg4 Nxg4 23.Kh1 Qb4
24.f3 Nxh2 25.Kxh2 Qxb2 26.a4 Rxd1 27.Rxd1 Qc3 28.axb5 axb5 29.Qf2 Rd8 30.Rxd8+ Bxd8
31.Qa7 f6 32.Qa6+ Kd7 33.Qa2 Qe1 34.Qe6+ Kc7 35.Qxc6+  1-0

[Event "AUT-chT qual"]
[Site "Vienna"]
[Date "1997.??.??"]
[Round "2"]
[White "Kotz, Heinz Peter"]
[Black "Pilz, Dieter"]
[Result "1/2-1/2"]
[WhiteElo "2290"]
[BlackElo "2240"]

1.e4 c5 2.Nf3 e6 3.d4 cxd4 4.Nxd4 a6 5.Bd3 Qc7 6.Nc3 Nf6 7.O-O Nc6 8.Nxc6 bxc6
9.f4 Bc5+ 10.Kh1 d6 11.Qe1 e5 12.fxe5 dxe5 13.Bc4 Be6 14.Bxe6 fxe6 15.Bg5 O-O
16.Qh4 Nd7 17.Be7 Rxf1+ 18.Rxf1 Re8 19.Bxc5 Nxc5 20.Qf2 Qe7 21.Qe2 Rb8 22.b3 h6
23.Qc4 a5 24.a3 Kh7 25.Rd1 Rf8 26.Qe2 Nd7 27.h3 Nf6 28.a4  1/2-1/2

[Event "Vlissingen HZ op"]
[Site "Vlissingen"]
[Date "1997.??.??"]
[Round "2"]
[White "Xie Jun"]
[Black "Tagnon, Nicole"]
[Result "1-0"]
[WhiteElo "2500"]
[BlackElo "2095"]

1.e4 c5 2.Nf3 e6 3.d4 cxd4 4.Nxd4 a6 5.Bd3 Nf6 6.c4 Qc7 7.O-O Nc6 8.Nf3 Be7
9.Nc3 d6 10.b3 O-O 11.Bb2 Ne5 12.Rc1 Bd7 13.Nd4 Qb6 14.Be2 Rac8 15.Kh1 Nc6
16.Nc2 Rfd8 17.Qd2 Ne5 18.Ne3 Ng6 19.Ng4 Nxg4 20.Bxg4 Ne5 21.Be2 Bc6 22.f4 Nd7
23.Bd3 Qa5 24.Qe2 Rb8 25.a3 Rdc8 26.b4 Qb6 27.e5 Nf8 28.exd6 Bf6 29.c5 Qd8
30.f5 Bd5 31.fxe6 Bxe6 32.Rxf6 Qxf6 33.Nd5 Qg5 34.Ne7+ Kh8 35.Nxc8 Rxc8 36.Rf1 Ng6
37.Be4 b6 38.cxb6 Bc4 39.b7  1-0

[Event "AUT-chT9697"]
[Site "Vorarlberg"]
[Date "1997.??.??"]
[Round "?"]
[White "Lechenbauer, Karl"]
[Black "Zoller, Markus"]
[Result "1/2-1/2"]
[WhiteElo "1805"]
[BlackElo "1790"]

1.e4 c5 2.Nf3 e6 3.d4 cxd4 4.Nxd4 a6 5.Bd3 b5 6.O-O Bb7 7.Be3 Qc7 8.Nd2 Nf6
9.Qe2 Be7 10.Rad1 O-O 11.f4 Nc6 12.Nxc6 Bxc6 13.f5 d5 14.exd5 Bxd5 15.fxe6 Bxe6
16.Ne4 Nxe4 17.Bxe4 Bc4 18.Bd3 Bxd3  1/2-1/2

[Event "Zagorovsky mem"]
[Site "Voronezh"]
[Date "1997.??.??"]
[Round "?"]
[White "Sanakoev, Grigory"]
[Black "Cherepkov, Alexander V"]
[Result "1/2-1/2"]
[WhiteElo "2270"]
[BlackElo "2395"]

1.e4 c5 2.Nf3 e6 3.d4 cxd4 4.Nxd4 a6 5.Bd3 Nc6 6.Be3 Nf6 7.O-O d5 8.exd5 Nxd5
9.Nxc6 bxc6 10.Bd4 c5 11.Be5 Bb7 12.Nd2 Bd6 13.Qe2 Nf4 14.Bxf4 Bxf4 15.Be4 Qxd2
16.Qxd2 Bxd2 17.Bxb7 Ra7 18.Bc6+ Ke7  1/2-1/2

[Event "VAM Hoogeveen op"]
[Site "Wijk aan Zee"]
[Date "1997.??.??"]
[Round "3"]
[White "Bosch, Jeroen"]
[Black "Bosboom, Manuel"]
[Result "1-0"]
[WhiteElo "2405"]
[BlackElo "2430"]

1.e4 c5 2.Nf3 e6 3.d4 cxd4 4.Nxd4 a6 5.Bd3 Nf6 6.O-O Qc7 7.Qe2 d6 8.c4 g6
9.Nc3 Bg7 10.Rd1 O-O 11.Nf3 Nbd7 12.Bf4 Nh5 13.Be3 Re8 14.Rac1 b6 15.Bb1 Bb7
16.Qd2 Bf8 17.Bh6 Be7 18.Bg5 Bf8 19.Bh6 Be7 20.Bg5 Ndf6 21.h3 Red8 22.Qe3 Rab8
23.Bd3 Ba8 24.a3 Rd7 25.Be2 Qc5 26.Qxc5 bxc5 27.e5 Ne8 28.Bxe7 Rxe7 29.exd6 Rd7
30.Ne5 Rxd6 31.Rxd6 Nxd6 32.Bxh5 gxh5 33.Na4 Ne4 34.Rd1 Kg7 35.f3 Nf6 36.Rd2 Rc8
37.Kf2 h4 38.Ke3 Kf8 39.Nb6 Re8 40.Nbd7+ Nxd7 41.Nxd7+ Ke7 42.Nxc5 Rc8 43.b4 a5
44.Rd4  1-0

[Event "VAM Hoogeveen op"]
[Site "Wijk aan Zee"]
[Date "1997.??.??"]
[Round "3"]
[White "Jap Tjoen San, Linda"]
[Black "De Boer, Sybolt"]
[Result "1-0"]
[WhiteElo "2175"]
[BlackElo "2290"]

1.e4 c5 2.Nf3 e6 3.d4 cxd4 4.Nxd4 a6 5.Bd3 Nf6 6.O-O Qc7 7.Qe2 d6 8.c4 g6
9.Nc3 Bg7 10.Be3 Nbd7 11.f4 O-O 12.Nb3 b6 13.Rac1 Bb7 14.Kh1 Rac8 15.Nd2 Qb8
16.Bf2 Qa8 17.Rce1 Rfe8 18.Bh4 Nh5 19.Qf2 Nc5 20.Bb1 f5 21.exf5 exf5 22.Re7 Bf8
23.Re2 Rxe2 24.Nxe2 Bg7 25.b4 Nd7 26.h3 Re8 27.Re1 b5 28.Bd3 Bc6 29.Kh2 Ndf6
30.c5 dxc5 31.bxc5 Nd5 32.g4 fxg4 33.hxg4 Nhxf4 34.Nxf4 Rxe1 35.Nxd5 Ra1
36.Ne7+ Kh8 37.Nxc6 Qxc6 38.Be4 Qe8 39.c6 Rxa2 40.c7 Be5+ 41.Kh1 Kg7 42.Qc5 Rxd2
43.c8=Q Qxc8 44.Qxc8 Rh2+ 45.Kg1 Rxh4 46.g5  1-0

[Event "VAM Hoogeveen op"]
[Site "Wijk aan Zee"]
[Date "1997.??.??"]
[Round "7"]
[White "Van Haastert, Edwin"]
[Black "De Jong, Migchiel"]
[Result "1/2-1/2"]
[WhiteElo "2345"]
[BlackElo "2325"]

1.e4 c5 2.Nf3 e6 3.d4 cxd4 4.Nxd4 a6 5.Bd3 Nc6 6.Nxc6 dxc6 7.Nd2 e5 8.Qh5 Bd6
9.Nc4 Bc7 10.Bg5 Nf6 11.Qe2 h6 12.Bh4 Qe7 13.O-O-O g6 14.f4 exf4 15.e5 g5
16.exf6 Qxe2 17.Bxe2 gxh4 18.Nd6+ Bxd6 19.Rxd6 Be6 20.Rf1 Rd8 21.Rxd8+ Kxd8
22.Rxf4 Rg8 23.Bf3 h3 24.g3 Kd7 25.a3 Kd6 26.Kd2 Rg6 27.Ke3 Ke5 28.Rb4 Bc8
29.Rf4 Be6 30.b4 Bf5 31.Be4 Bxe4 32.Rxe4+ Kxf6 33.Rh4 Kg5 34.Rxh3 Rd6 35.Rh4 Rd1
36.Rf4 f5 37.a4 Rh1 38.h4+ Kf6 39.Kd4 b6 40.Rf3 Rd1+ 41.Rd3 Rb1 42.c3 Ra1
43.Kc4 Ke5 44.Re3+ Kd6 45.Rd3+ Ke5 46.Re3+ Kd6 47.Rd3+ Ke5 48.Re3+ Kd6  1/2-1/2

[Event "Wuerttemberg-ch"]
[Site "Willsbach"]
[Date "1997.??.??"]
[Round "9"]
[White "Zeller, Frank"]
[Black "Melcher, Wolfgang"]
[Result "1/2-1/2"]
[WhiteElo "2440"]
[BlackElo "2255"]

1.e4 c5 2.Nf3 e6 3.d4 cxd4 4.Nxd4 a6 5.Bd3 Nc6 6.Nxc6 bxc6 7.O-O d5 8.c4 Nf6
9.Nc3 Be7 10.cxd5 cxd5 11.exd5 exd5 12.Qa4+ Qd7 13.Re1 Qxa4 14.Nxa4 Be6 15.Be3 Nd7
16.Bd4 O-O 17.f4 Bf6 18.Bxf6 Nxf6 19.Nc5 Bc8 20.Re7 Re8 21.Rxe8+ Nxe8 22.Kf2 Kf8
23.Ke3 Ke7 24.b4 Kd6 25.Rc1 g6 26.Nb3 Rb8 27.a3 Nc7 28.Na5  1/2-1/2

[Event "Excelsior Cup"]
[Site "Gothenburg"]
[Date "1998.01.08"]
[Round "2"]
[White "Svensson, Bengt"]
[Black "Aagaard, Jacob"]
[Result "1/2-1/2"]
[WhiteElo "2385"]
[BlackElo "2435"]

1.e4 c5 2.Nf3 e6 3.d4 cxd4 4.Nxd4 a6 5.Bd3 Qc7 6.Nc3 Nf6 7.O-O Nc6 8.Be3 b5
9.a3 Bb7 10.Kh1 h5 11.f4 h4 12.Qf3 Rd8 13.Rae1 b4 14.Nd5 exd5 15.exd5 Ne7
16.d6 Qb8 17.dxe7 Bxf3 18.exd8=Q+ Kxd8 19.Nxf3 h3 20.g3 Rh5 21.f5 Qc7 22.axb4 Bxb4
23.Re2 Bc5 24.Bg5 Qb7 25.Bxf6+ gxf6 26.b3 Rh8 27.Be4 Qb5 28.Bd3 Qb6 29.Re4 Bb4
30.Ng1 Qc6 31.Nf3 Re8 32.Rxb4 Re1 33.Rf4 Rxf1+ 34.Bxf1 Qxc2 35.b4 Qc1 36.Kg1 Qe3+
37.Kh1 Qc1 38.Ng1 Qc6+ 39.Nf3 Qc1  1/2-1/2

[Event "Excelsior Cup"]
[Site "Gothenburg"]
[Date "1998.01.11"]
[Round "5"]
[White "Rytshagov, Mikhail"]
[Black "Akesson, Ralf"]
[Result "1/2-1/2"]
[WhiteElo "2525"]
[BlackElo "2520"]

1.e4 c5 2.Nf3 e6 3.d4 cxd4 4.Nxd4 a6 5.Bd3 Nf6 6.O-O Qc7 7.Qe2 d6 8.c4 g6
9.Nc3 Bg7 10.Bg5 O-O 11.Rac1 Nbd7 12.Nf3 b6 13.Rfd1 Bb7 14.h3 Rac8 15.b4 Qb8
16.Qe3 Rfe8 17.Be2 Bc6 18.a3 Bf8 19.Bf4 Be7 20.Rd2 e5 21.Bh6 Qb7 22.Ng5 b5
23.Rcd1 Red8 24.a4 Nb6 25.cxb5 axb5 26.Nxb5 Nxa4 27.Nxd6 Rxd6 28.Rxd6 Qxb4
29.Qf3 Bxe4 30.Nxe4 Nxe4 31.Rd7 Nac3 32.Rf1 Re8 33.Bd3 Nf6 34.Rb7 Qc5 35.Bc2 e4
36.Qe3 Qc6 37.Rb3 Nfd5 38.Qe1 Bc5 39.Bd2 Bd4 40.Kh1 Qc4 41.Rb7 Qc6 42.Rb3 Qc4
43.Bc1 h5 44.Bd2 Ne2  1/2-1/2